Budeš o tom hovoriť svojim deťom ... I. diel

Bibliographic Details
Main Author: Stanko, Vojtech (Author)
Format: Book
Language:Slovak
PhysicalDescription:234 strán ilustrácie, noty 21 cm
Published: Nitra Rodina 1991
ISBN:8090051006
Edition:1. vyd.
Subjects:

MARC

LEADER 00000cam a2200000 a 4500
001 vtls001065287
003 SK-MaSNL
005 20260301232717.0
008 251001s1991 xo ga grf 000 m slo
015 |a SNBA1991/03 
020 |a 8090051006  |q (viazané) 
035 |a 35581DAB-BBD9-4E44-B6DF-809273A98C7C 
035 |a SNK000008117 
035 |a urn:nbn:sk:snk-am005bmo 
035 |a urn:nbn:sk:snk-amkqjc 
040 |a SNK  |b slo  |c SNK  |e AACR2 
041 0 |a slo 
044 |a xo  |c SK 
072 7 |a 27-1/-2  |x Kresťanská teológia. Dogmatická teológia  |2 konspekt 
072 7 |a 37  |x Výchova a vzdelávanie  |2 konspekt 
072 7 |a 27  |x Kresťanstvo. Kresťanská cirkev všeobecne. Ekleziológia  |2 konspekt 
080 |a 2-47  |2 2011 
080 |a 27-47  |2 2011 
080 |a 316.356.2:27  |2 2011 
080 |a 37.015.311-053.2  |2 2011 
080 |a 2-184.3  |2 2011 
080 |a 27-75  |2 2011 
080 |a (035)  |2 2011 
080 |a 27-277  |2 2011 
100 1 |a Stanko, Vojtech  |4 aut  |9 386901 
245 1 0 |a Budeš o tom hovoriť svojim deťom ...  |n I. diel  |c Vojtech Stanko 
246 1 5 |a Budeš o tom hovoriť svojim deťom ...  |b príručka pre náboženskú výchovu detí v kresťanskej rodine 
246 1 8 |a Budeš o tom hovoriť svojim deťom ...  |n I. diel  |b príručka pre náboženskú výchovu detí v kresťanskej rodine 
250 |a 1. vyd. 
260 |a Nitra  |b Rodina  |c 1991 
300 |a 234 strán  |b ilustrácie, noty  |c 21 cm 
366 |e 10000 kusov 
500 |a Ďalší variantný názov: Budeš o tom hovoriť svojim deťom ... : príručka pre náboženskú výchovu detí v kresťanskej rodine 
500 |a Názov z tiráže: Budeš o tom hovoriť svojim deťom ... : I. diel : príručka pre náboženskú výchovu detí v kresťanskej rodine 
650 0 7 |a náboženská výchova  |2 SNKPH  |9 67239 
650 0 7 |a katechetika  |2 SNKPH  |9 4065 
650 0 7 |a kresťanská rodina  |2 SNKPH  |9 4140 
650 0 7 |a kresťanská výchova  |2 SNKPH  |9 63301 
650 0 7 |a náboženská viera  |2 SNKPH  |9 67877 
650 0 7 |a výchova dieťaťa  |2 SNKPH  |9 21780 
650 0 7 |a biblické štúdium  |2 SNKPH  |9 4152 
655 7 |a príručky  |2 SNKPH  |9 74364 
852 |a Slovenská národná knižnica 
919 |a 80-900510-0-6 
954 |a odborná, vedecká literatúra pôvodná (slovenská)  |2 lita 
954 |a duchovná literatúra pôvodná (slovenská)  |2 lita 
958 |a EUIPO 
958 |a RK 
958 |a TL 
958 |a NT 
958 |a OND 
958 |a SP 
999 |c 962439  |d 964369 
952 |a SNK  |b SNK  |y VYP  |7 0  |p 17A0330249  |o snkSC 79920/1 D1  |i snkKSP 5594/91  |0 0  |1 0  |4 0  |d 2002-01-26  |f 1  |l 0  |r 2004-12-31 00:00:00  |w 2026-02-24 
952 |a SNK  |b SNK  |y PREZ  |7 0  |p 17A0945656  |o snkSC 79920/1  |0 0  |1 0  |4 0  |d 2012-08-09  |l 0  |r 2025-08-11 00:00:00  |w 2026-02-24